| 000 | 00830nam a2200241 i 4500 | ||
|---|---|---|---|
| 001 | 86589 | ||
| 003 | ES-MaACL | ||
| 005 | 20250728110240.0 | ||
| 007 | t| | ||
| 008 | 041214s1968 sp ||||1| cat d | ||
| 100 | 1 |
_aKierkegaard, Søren ( _d1813-1855) _968014 |
|
| 245 | 1 | 3 |
_aLa dificultat d'esser cristia / _cSoeren Kierkegaard ; presentació i tria de textos per Jacques Colette ; [traductora catalana, Mariona Serra de Sala]. |
| 250 | _a[1ª ed.]. | ||
| 260 |
_a[Barcelona] : _bAriel, _c[1968] |
||
| 300 |
_a338 p. ; _c19 cm. |
||
| 490 | 1 | _aLlibres del Nopal | |
| 650 | 0 | 7 |
_aReligión y filosofía _2embne _916811 |
| 700 | 1 |
_aColette, Jacques. _939585 |
|
| 700 | 1 |
_aSerra de Sala, Mariona. _9105629 |
|
| 830 | 0 |
_aLlibres del Nopal _9181862 |
|
| 852 |
_aES-MaACL _jC-50292 _bR.66875 |
||
| 999 |
_c86589 _d86589 |
||